000 01133nam a22002657a 4500
005 20100610100954.0
008 100610t xxu||||| |||| 00| 0 hin d
010 _aHIN-89534
020 _c240.00
035 _aHN-61880
037 _bDBAD / PUB
040 _aDPL
_bHN
082 _a
100 _aगुप्त, रजनी
_917741
245 _aहाट बाजार /
_cरजनी गुप्त
246 _aHat Bazar/
_bby Rajani Gupt
260 _aनई दिल्ली
_bनेशनल पब्लिशिंग हाउस
_c2008
270 _a2/35 अंसारी रोड, दरियागंज
_bनई दिल्ली
_e110002
300 _a195पृ
_c22सेमी (सजिल्द)
500 _aसमान ISBN 8121402867 शीर्षक Passing time in Biharipur
650 _aलघु कथाएँ, हिन्दी
_91169
650 _aShort stories, hindi
_917742
942 _2ddc
_cHN
_mगुप्तर
999 _c36669
_d36669